Historia de Tetuán / (Record no. 20550)

MARC details
000 -LEADER
campo de control de longitud fija 00841nam a2200217 i 4500
001 - NÚMERO DE CONTROL
campo de control 20550
003 - IDENTIFICADOR DE NÚMERO DE CONTROL
campo de control ES-MaACL
005 - FECHA Y HORA DE LA ÚLTIMA TRANSACCIÓN
campo de control 20230906152326.0
007 - CAMPO FIJO DE DESCRIPCIÓN FÍSICA--INFORMACIÓN GENERAL
campo de control de longitud fija t|
008 - DATOS DE LONGITUD FIJA--INFORMACIÓN GENERAL
campo de control de longitud fija 021114s1953 mr ||||1| spa d
080 ## - NÚMERO DE LA CLASIFICACIÓN DECIMAL UNIVERSAL
Número de la Clasificación Decimal Universal 94(64 Tetuán)
100 1# - ENTRADA PRINCIPAL--NOMBRE DE PERSONA
Nombre de persona Ahmad, R'Honi.
9 (RLIN) 18941
245 10 - MENCIÓN DEL TÍTULO
Título Historia de Tetuán /
Mención de responsabilidad, etc. Ahmad R'Honi ; escrita en árabe por el sabio Alfaquih Sidi y traducida por Mohammad ibn Azzuz Haquin.
260 ## - PUBLICACIÓN, DISTRIBUCIÓN, ETC.
Lugar de publicación, distribución, etc. Tetuán :
Nombre del editor, distribuidor, etc. Editorial Marroquí,
Fecha de publicación, distribución, etc. 1953 (
Fabricante Cremades)
300 ## - DESCRIPCIÓN FÍSICA
Extensión 233 p. ;
Dimensiones 24 cm.
500 ## - NOTA GENERAL
Nota general Precede al tít.: Instituto General Franco de Estudios e Investigación Hispano-Arabe.
651 #4 - PUNTO DE ACCESO ADICIONAL DE MATERIA--NOMBRE GEOGRÁFICO
Nombre geográfico Tetuán-
Subdivisión general Historia.
9 (RLIN) 143732
700 0# - ENTRADA AGREGADA--NOMBRE PERSONAL
Nombre de persona Ibn Azzuz HaKim, Mohammad.
9 (RLIN) 65006
710 2# - ENTRADA AGREGADA--NOMBRE DE ENTIDAD CORPORATIVA
Nombre de entidad corporativa o nombre de jurisdicción como elemento de entrada Instituto General Franco de Estudios e Investigación Hispano-Árabe.
9 (RLIN) 149197
852 ## - LOCALIZACIÓN
Ubicación ES-MaACL
Número de control de estantería C-10197
Sublocalización o colección R.38830
Holdings
Estatus retirado Estado de pérdida Estado de daño No para préstamo Biblioteca de origen Biblioteca actual Ubicación en estantería Fecha de adquisición Fuente de adquisición Total de préstamos Signatura topográfica completa Código de barras Visto por última vez Precio de reemplazo Tipo de ítem Koha
        Biblioteca del Ateneo de Madrid Biblioteca del Ateneo de Madrid Sala Palomar 17/01/2008     C-10197 1021100 23/02/2023 23/02/2023 Libro impreso